000 00522 a2200133 4500
082 _a658.4013
090 _c5460
_d5460
100 _aPakistan Institute of Quality Control
245 _aPakistan's Sixth International Convention on Quality Improvement November 14-15 2000 Lahore
_bImplementing TQM Approchaes, Methodologies, Tools and Case Studies
_cPakistan Institute of Quality Control
260 _aLahore, Pakistan
_bIbrahim Publishers
_c2000
300 _a294
500 _apapercover
942 _aNBS
_cBK
_k658.4013 ICQ
999 _c347868
_d347868